000 00562nam a22001577a 4500
999 _c18561
_d18561
008 231201b ||||| |||| 00| 0 eng d
020 _a9789719809562
082 _22021 vol.1
_aDFil 540
_bB147
100 _aBaguio, Sol Saranay M.
_950344
245 _aBreaking through general chemistry :
_bfor senior high school /
_cSol Saranay M. Baguio.
260 _aQuezon City :
_bC&E publishing, Inc.,
_c©2021.
300 _axxvi, 374 pages :
_bcolor illustrations ;
_c26 cm.
500 _aIncludes glossary and index.
650 _aChemistry.
_950430
942 _2ddc
_cDFIL